|
|
|
|
| LEADER |
00000nam a2200000 a 4500 |
| 001 |
vtls001335996 |
| 003 |
SK-MaSNL |
| 005 |
20260331203323.0 |
| 008 |
240226s1998 xr r cze |
| 015 |
|
|
|a SNBZSA1998-00325
|
| 020 |
|
|
|a 8085270781
|
| 020 |
|
|
|a 8072390074
|
| 035 |
|
|
|a SNK000288977
|
| 035 |
|
|
|a urn:nbn:sk:snk-amkhxh
|
| 035 |
|
|
|a urn:nbn:sk:snk-am008gt7
|
| 035 |
|
|
|a 74977204-A261-4A66-9C1A-7C69BDC27DED
|
| 040 |
|
|
|a SNK
|b slo
|c SNK
|e AACR2
|
| 041 |
0 |
|
|a cze
|
| 044 |
|
|
|a CZ
|
| 080 |
|
|
|a 329.7(437)OF"1989"=850
|2 1981
|
| 080 |
|
|
|a 943.7"1989"
|2 1981
|
| 100 |
1 |
|
|a Suk, Jiří,
|d 1966-
|4 com
|4 aut
|9 114595
|
| 245 |
1 |
0 |
|a Občanské fórum
|b listopad - prosinec 1989
|n Díl 2
|p Dokumenty
|c Jiří Suk
|
| 260 |
|
|
|a Praha
|b Ústav pro soudobé dějiny AV ČR
|c 1998
|
| 300 |
|
|
|a 328, [2] s.
|c 25 cm
|
| 490 |
1 |
|
|a Knihy - dokumenty
|
| 500 |
|
|
|a Ilustr. na obál. Rozlož. tit. strana
|
| 500 |
|
|
|a 800 výt.
|
| 504 |
|
|
|a Men. reg. Skrat. Res. angl.
|
| 610 |
2 |
7 |
|a Občianske fórum (hnutie)
|2 SNK
|9 385601
|
| 655 |
|
7 |
|a príručky
|2 SNK
|9 74364
|
| 830 |
|
0 |
|a Knihy - dokumenty
|9 384171
|
| 919 |
|
|
|a 80-85270-78-1
|
| 919 |
|
|
|a 80-7239-007-4
|
| 958 |
|
|
|a ZS
|
| 958 |
|
|
|a TL
|
| 958 |
|
|
|a CZ
|
| 958 |
|
|
|a ZB
|
| 999 |
|
|
|c 976705
|d 978635
|
| 952 |
|
|
|t P60, <03>, [BOOK], {603}
|a SNK
|b SNK
|y PREZ
|7 0
|p 17A0141174
|o snkSC 96290/2
|i snkV 877/98
|0 0
|1 0
|4 0
|d 1998-07-02
|f 1
|l 0
|r 2025-09-16 00:00:00
|w 2026-02-24
|